000
00211 a2200097 4500
001
46019
100
_a
Mitchell A
245
_a
Length on the links
260
_a
London
_b
Methuen & Co
_c
090
_c
29148
_d
29148
942
_a
NUST-CAE
_c
M
_c
21278
999
_c
281092
_d
281092